Every team in the National League North/South - Statistics

General Stats
  • This quiz has been taken 53 times
    27 since last reset
  • The average score is 21 of 48
Answer Stats
League Club % Correct
North Scunthorpe United
81%
South Dorking Wanderers
62%
North Chester FC
57%
North Chorley
57%
North South Shields
57%
North Curzon Ashton
52%
North Kings Lynn Town
52%
North Scarborough Athletic
52%
North Spennymoor Town
52%
South Worthing
52%
North Buxton
48%
North Darlington
48%
South Eastbourne Borough
48%
North Farsley
48%
North Hereford FC
48%
North Kidderminster Harriers
48%
South Maidstone United
48%
South Truro City
48%
North Warrington Town
48%
North Alfreton Town
43%
South Aveley
43%
South Bath City
43%
South Boreham Wood
43%
South Chelmsford
43%
South Chippenham Town
43%
South Farnborough
43%
North Leamington
43%
North Oxford City
43%
North Rushall Olympic
43%
South Torquay United
43%
South Welling United
43%
South Weston-Super-Mare
43%
North Brackley Town
38%
South Hampton & Richmond
38%
South Hemel Hempstead
38%
South Hornchurch
38%
North Marine
38%
North Peterborough Sports
38%
North Radcliffe
38%
South Salisbury FC
38%
South Slough
38%
North Southport
38%
South Enfield Town
33%
South St Albans
33%
South Tonbridge Angels
33%
South Chesham
29%
North Needham Market
29%
South Weymouth
29%
No matching quizzes found
Score Distribution
Percent of People with Each Score
Percentile by Number Answered
Your Score History
You have not taken this quiz since the last reset